00893 a2200229 450000500170000002000150001705000200003224501460005225000930019826400330029130000340032433600260035833700280038433800270041250400510043965000290049065000310051965000220055065000310057270000300060370000300063320260624081805.0 a039751406900aRC655bBRA 199600aWerner and Ingbar's the thyroid :ba fundamental and clinical text /cedited by Lewis E. Braverman, Robert D. Utiger ; with 130 contributors. aseventh editionbedited by Lewis E. Braverman, Robert D. Utiger ; with 130 contributors. aNew York :bLippicott,c1995 axx, 1124 pagesbillustrations atextbtxt2rdacontent aunmediatedbn2rdamedia avolumebnc2rdacarrier aIncludes bibliographical references and index. 0aThyroid glandxDiseases. 0aThyroid glandxPhysiology.12aThyroid Diseases.22aThyroid Glandxphysiology.1 aBraverman,Lewis Eeeditor1 aUtiger, Robert D.eeditor